| 000 | 03020nam a2200409 c 4500 | ||
|---|---|---|---|
| 003 | BLK | ||
| 005 | 20250403175454.0 | ||
| 008 | 180411b bul|||||r ||||||| ||bul|| | ||
| 010 | _aKNG00187369000 | ||
| 020 |
_a978-954-9489-30-9 _bиздат.: ДАР-РХ |
||
| 040 | _aBLK | ||
| 041 |
_aBUL _cBUL |
||
| 072 | 7 |
_2bullib _aН82 _xЛитературознание Н |
|
| 080 |
_aБългарска литература _b821.163.2 _x(092) _z821.163.2(092) |
||
| 080 |
_a _b929 Михайловски, Стоян Николов _x _z929 Михайловски, Стоян Николов |
||
| 100 | 1 |
_aМихайлов, Димитър _eпърви автор _gХристов, Димитър Михайлов _9363763 |
|
| 139 |
_aМихайлов, Димитър _bМ 74 |
||
| 245 | 1 | 0 |
_aСтоян Михайловски _bПоетически текст и национален контекст _cДимитър Михайлов. |
| 257 | _aBGR | ||
| 260 |
_аВ. Търново _bДАР-РХ _c2012 _fВ. Търново : Сира |
||
| 300 |
_a240 с. _c20 см |
||
| 380 | _a82 | ||
| 500 | _aКратък животопис: с.219-223. - Библиогр.: с. 224-235 | ||
| 600 | 1 | 4 |
_aМихайловски, Стоян Николов _gМихайловский, Стоян, 1856-1927; Михайловски, Ст., 1856-1927; Михайловски, 1856-1927; Де Профундис, 1856-1927 (псевдоним); Истров, Драгостин, 1856-1927 (псевдоним); Муслак, Драгостин Истров, 1856-1927 (псевдоним); Розенберг, Викентий, 1856-1927 (псевдоним); Рязков, Евгений, 1856-1927 (псевдоним); Стрелков, Ст., 1856-1927 (псевдоним); De Profundis, 1856-1927 (псевдоним); X.y.z., 1856-1927 (псевдоним) _d1856-1927 _997934 |
| 600 | 1 | 4 |
_aМихайловски, Стоян Николов _gМихайловский, Стоян, 1856-1927; Михайловски, Ст., 1856-1927; Михайловски, 1856-1927; Де Профундис, 1856-1927 (псевдоним); Истров, Драгостин, 1856-1927 (псевдоним); Муслак, Драгостин Истров, 1856-1927 (псевдоним); Розенберг, Викентий, 1856-1927 (псевдоним); Рязков, Евгений, 1856-1927 (псевдоним); Стрелков, Ст., 1856-1927 (псевдоним); De Profundis, 1856-1927 (псевдоним); X.y.z., 1856-1927 (псевдоним) _d1856-1927 _997934 |
| 650 | 4 |
_aПисатели, български - творчество _9250544 |
|
| 653 | _aбългарски писатели | ||
| 653 | _aсюжети | ||
| 653 | _aСтоян Михайловски | ||
| 659 | _aН | ||
| 852 | _aЦб 280153 | ||
| 856 | 4 |
_qpdf _u |
|
| 856 | 4 |
_qpdf _u |
|
| 942 |
_cKNG _n0 _04 |
||
| 944 |
_aCR _c06.04.2016 _k30531 _lЦветелина Шанова |
||
| 944 |
_aED _c14.04.2016 _kГеновева_Генчева |
||
| 999 |
_c178638 _d178638 |
||